Which country is this town or city in? - Statistics

General Stats
  • This quiz has been taken 84 times
  • The average score is 13 of 20
Answer Stats
City/Town Country % Correct
Saskatoon Canada
90%
Acapulco Mexico
89%
Indore India
87%
Timbuktu Mali
81%
Smolensk Russia
80%
Wollongong Australia
79%
Port Said Egypt
79%
Barranquilla Colombia
70%
Benin City Nigeria
66%
Bydgoszcz Poland
66%
Libreville Gabon
64%
Neuchatel Switzerland
64%
Metz France
61%
Tobermory UK
61%
Jalalabad Afghanistan
60%
Johor Bahru Malaysia
54%
Tyre Lebanon
50%
Kirkuk Iraq
46%
San Pedro Sula Honduras
36%
Koror Palau
16%
No matching quizzes found
Score Distribution
Percent of People with Each Score
Percentile by Number Answered
Your Score History
You have not taken this quiz